000 00301nam a22001217a 4500
008 180118b xxu||||| |||| 00| 0 eng d
041 _aeng
080 _a34
100 _a14
101 _aJUR
245 _aFamily legal guide a complete encyclopedia of law for the layman
_cDigest,R
942 _2udc
_cBK
999 _c40499
_d40499